[Event "Cali Region-ch"]
[Site "Cali"]
[Date "2017.05.01"]
[Round "6"]
[White "Moreno Alape, Milton Javier"]
[Black "Restrepo Castro, Juan David"]
[Result "1-0"]
[WhiteElo "1843"]
[BlackElo "1518"]
[PlyCount "91"]
[EventDate "2017.04.28"]
[EventType "swiss"]
[EventRounds "7"]
[EventCountry "COL"]
[SourceTitle "CBM 178 Extra"]
[Source "ChessBase"]
[SourceDate "2017.06.22"]
[SourceVersion "1"]
[SourceVersionDate "2017.06.22"]
[SourceQuality "1"]

1. d4 Nf6 2. c4 g6 3. Nc3 Bg7 4. f3 d6 5. e4 e5 6. dxe5 dxe5 7. Qxd8+ Kxd8 8. Bg5 c6 9. Bd3 Ke7 10. Nge2 Rd8 11. 0-0-0 Kf8 12. h4 Na6 13. h5 Nb4 14. Bb1 Be6 15. hxg6 fxg6 16. Rxd8+ Rxd8 17. Bxf6 Bxf6 18. a3 Nd3+ 19. Bxd3 Rxd3 20. Rxh7 Bg7 21. b3 Kg8 22. Rh1 Bf8 23. Kc2 Rd8 24. a4 Bb4 25. Rf1 a6 26. Ra1 a5 27. Rf1 b5 28. cxb5 cxb5 29. axb5 Rc8 30. Rd1 Kf8 31. Kb2 Ke7 32. Nd5+ Kf7 33. Nxb4 axb4 34. Rc1 Ke7 35. Rxc8 Bxc8 36. Nc1 Kd6 37. Nd3 Bd7 38. b6 Bc8 39. Nxb4 Kc5 40. Nd5 Bb7 41. b4+ Kb5 42. Kc3 g5 43. Kd3 Kc6 44. Ke3 Kd6 45. Nf6 Ke6 46. Nh7 1-0